Systematic botany
This book accounts for information on classical and fundamental aspects of taxonomy as well as its recent developments. Special attention has been paid to the chapters on origin of Angiosperms, Theory of Evolution and Evolutionary trends in Angiosperm Flowers. The International Code of Botanical Nom...
Spremljeno u:
| Glavni autor: | |
|---|---|
| Format: | Knjiga |
| Jezik: | Undetermined |
| Izdano: |
Harrow, UK
Alpha Science International Ltd.
2005
|
| Teme: | |
| Oznake: |
Dodaj oznaku
Bez oznaka, Budi prvi tko označuje ovaj zapis!
|
| Thư viện lưu trữ: | Trung tâm Học liệu Trường Đại học Cần Thơ |
|---|
| LEADER | 01225nam a2200217Ia 4500 | ||
|---|---|---|---|
| 001 | CTU_127985 | ||
| 008 | 210402s9999 xx 000 0 und d | ||
| 020 | |c 853000 | ||
| 082 | |a 580.12 | ||
| 082 | |b B575 | ||
| 100 | |a Bhattacharyya, Bharati | ||
| 245 | 0 | |a Systematic botany | |
| 245 | 0 | |c Bharati Bhattacharyya | |
| 260 | |a Harrow, UK | ||
| 260 | |b Alpha Science International Ltd. | ||
| 260 | |c 2005 | ||
| 520 | |a This book accounts for information on classical and fundamental aspects of taxonomy as well as its recent developments. Special attention has been paid to the chapters on origin of Angiosperms, Theory of Evolution and Evolutionary trends in Angiosperm Flowers. The International Code of Botanical Nomenclature, Important herbaria, Techniques for the preparation, storage and study of herbarium specimens, Botanical gardens, and Taxonomic literature are discussed in detail and includes the study of some selected families belonging to 21 orders | ||
| 650 | |a Angiosperms,Angiosperms,Hiển hoa bí tử,Hiển hoa bí tử | ||
| 650 | |x Classification.,Cladistic analysis.,Phân loại,Phân tích theo nhánh | ||
| 904 | |i Minh | ||
| 980 | |a Trung tâm Học liệu Trường Đại học Cần Thơ | ||